Introduction à l'histoire de la langue française (notice n° 2106448)
[ vue normale ]
| 000 -LEADER | |
|---|---|
| fixed length control field | 01239cam a2200133 4500500 |
| 005 - DATE AND TIME OF LATEST TRANSACTION | |
| control field | 20260405013558.0 |
| 041 ## - LANGUAGE CODE | |
| Language code of text/sound track or separate title | fre |
| 042 ## - AUTHENTICATION CODE | |
| Authentication code | dc |
| 100 10 - MAIN ENTRY--PERSONAL NAME | |
| Personal name | Perret, Michèle |
| Relator term | author |
| 245 00 - TITLE STATEMENT | |
| Title | Introduction à l'histoire de la langue française |
| 260 ## - PUBLICATION, DISTRIBUTION, ETC. | |
| Name of publisher, distributor, etc. | Armand Colin,<br/> |
| Date of publication, distribution, etc. | 2020.<br/> |
| 520 ## - SUMMARY, ETC. | |
| Summary, etc. | Quand a-t-on commencé à parler français ? Comment s’exprimaient les rois de France ? Pourquoi des pays dont le français n’est pas la langue maternelle, l’ont-ils choisi comme langue officielle ? Pourquoi le français ne cesse-t-il d’évoluer ? D’où viennent le féminin et le masculin ? Pourquoi l’imparfait du subjonctif est-il en voie de disparition ? Pourquoi les Français sont-ils si attachés à leur orthographe ?Entre tradition et modernité, cette histoire raisonnée de la langue française donne leur place aux théories les plus récentes et aux controverses actuelles. Son ambition est d’initier à la réflexion sur le changement linguistique en apportant les connaissances nécessaires pour comprendre comment une langue naît et se transforme. |
| 856 41 - ELECTRONIC LOCATION AND ACCESS | |
| Uniform Resource Identifier | <a href="https://shs.cairn.info/introduction-a-l-histoire-de-la-langue-francaise--9782200628437?lang=fr&redirect-ssocas=7080">https://shs.cairn.info/introduction-a-l-histoire-de-la-langue-francaise--9782200628437?lang=fr&redirect-ssocas=7080</a> |
Pas d'exemplaire disponible.




Réseaux sociaux